<?xml version="1.0" encoding="UTF-8"?>
<collection xmlns="http://www.loc.gov/MARC21/slim">
 <record>
  <leader>03349cam a2200793   4500</leader>
  <controlfield tag="001">834498383</controlfield>
  <controlfield tag="003">DE-627</controlfield>
  <controlfield tag="005">20221214204918.0</controlfield>
  <controlfield tag="007">tu</controlfield>
  <controlfield tag="008">150903s2015    fr |||||      00| ||fre c</controlfield>
  <datafield tag="020" ind1=" " ind2=" ">
   <subfield code="a">9782708409934</subfield>
   <subfield code="9">978-2-7084-0993-4</subfield>
  </datafield>
  <datafield tag="035" ind1=" " ind2=" ">
   <subfield code="a">(DE-627)834498383</subfield>
  </datafield>
  <datafield tag="035" ind1=" " ind2=" ">
   <subfield code="a">(DE-576)9834498381</subfield>
  </datafield>
  <datafield tag="035" ind1=" " ind2=" ">
   <subfield code="a">(DE-599)BSZ444825827</subfield>
  </datafield>
  <datafield tag="035" ind1=" " ind2=" ">
   <subfield code="a">(OCoLC)922337696</subfield>
  </datafield>
  <datafield tag="035" ind1=" " ind2=" ">
   <subfield code="a">(OCoLC)926011371</subfield>
  </datafield>
  <datafield tag="035" ind1=" " ind2=" ">
   <subfield code="a">(OCoLC)926011371</subfield>
  </datafield>
  <datafield tag="035" ind1=" " ind2=" ">
   <subfield code="a">(ZDB-21-EIL)3068381</subfield>
  </datafield>
  <datafield tag="040" ind1=" " ind2=" ">
   <subfield code="a">DE-627</subfield>
   <subfield code="b">ger</subfield>
   <subfield code="c">DE-627</subfield>
   <subfield code="e">rda</subfield>
  </datafield>
  <datafield tag="041" ind1=" " ind2=" ">
   <subfield code="a">fre</subfield>
  </datafield>
  <datafield tag="044" ind1=" " ind2=" ">
   <subfield code="c">XA-FR</subfield>
  </datafield>
  <datafield tag="050" ind1=" " ind2="0">
   <subfield code="a">LA81</subfield>
  </datafield>
  <datafield tag="082" ind1="0" ind2=" ">
   <subfield code="a">937</subfield>
   <subfield code="2">14</subfield>
  </datafield>
  <datafield tag="082" ind1="0" ind2=" ">
   <subfield code="a">306.09</subfield>
  </datafield>
  <datafield tag="084" ind1=" " ind2=" ">
   <subfield code="a">6,12</subfield>
   <subfield code="2">ssgn</subfield>
  </datafield>
  <datafield tag="084" ind1=" " ind2=" ">
   <subfield code="a">DD 2000</subfield>
   <subfield code="q">OBV</subfield>
   <subfield code="2">rvk</subfield>
   <subfield code="0">(DE-625)rvk/19287:</subfield>
  </datafield>
  <datafield tag="084" ind1=" " ind2=" ">
   <subfield code="a">NH 8575</subfield>
   <subfield code="q">BVB</subfield>
   <subfield code="2">rvk</subfield>
   <subfield code="0">(DE-625)rvk/125816:</subfield>
  </datafield>
  <datafield tag="084" ind1=" " ind2=" ">
   <subfield code="a">80.01</subfield>
   <subfield code="2">bkl</subfield>
  </datafield>
  <datafield tag="084" ind1=" " ind2=" ">
   <subfield code="a">15.28</subfield>
   <subfield code="2">bkl</subfield>
  </datafield>
  <datafield tag="100" ind1="1" ind2=" ">
   <subfield code="a">Wolff, Catherine</subfield>
   <subfield code="d">1957-</subfield>
   <subfield code="e">VerfasserIn</subfield>
   <subfield code="0">(DE-588)140172955</subfield>
   <subfield code="0">(DE-627)616458886</subfield>
   <subfield code="0">(DE-576)314915680</subfield>
   <subfield code="4">aut</subfield>
  </datafield>
  <datafield tag="245" ind1="1" ind2="3">
   <subfield code="a">L' éducation dans le monde romain</subfield>
   <subfield code="b">du début de la République à la mort de Commode</subfield>
   <subfield code="c">Catherine Wolff</subfield>
  </datafield>
  <datafield tag="264" ind1=" " ind2="1">
   <subfield code="a">Paris</subfield>
   <subfield code="b">Picard</subfield>
   <subfield code="c">[2015]</subfield>
  </datafield>
  <datafield tag="264" ind1=" " ind2="4">
   <subfield code="c">© 2015</subfield>
  </datafield>
  <datafield tag="300" ind1=" " ind2=" ">
   <subfield code="a">271 Seiten</subfield>
   <subfield code="c">24 cm</subfield>
  </datafield>
  <datafield tag="336" ind1=" " ind2=" ">
   <subfield code="a">Text</subfield>
   <subfield code="b">txt</subfield>
   <subfield code="2">rdacontent</subfield>
  </datafield>
  <datafield tag="337" ind1=" " ind2=" ">
   <subfield code="a">ohne Hilfsmittel zu benutzen</subfield>
   <subfield code="b">n</subfield>
   <subfield code="2">rdamedia</subfield>
  </datafield>
  <datafield tag="338" ind1=" " ind2=" ">
   <subfield code="a">Band</subfield>
   <subfield code="b">nc</subfield>
   <subfield code="2">rdacarrier</subfield>
  </datafield>
  <datafield tag="490" ind1="1" ind2=" ">
   <subfield code="a">Antiquité synthèses</subfield>
   <subfield code="v">16</subfield>
  </datafield>
  <datafield tag="500" ind1=" " ind2=" ">
   <subfield code="a">Literaturverzeichnis: Seite [235]-259</subfield>
  </datafield>
  <datafield tag="650" ind1=" " ind2="0">
   <subfield code="a">Education</subfield>
   <subfield code="z">Rome</subfield>
   <subfield code="x">History</subfield>
  </datafield>
  <datafield tag="650" ind1=" " ind2="0">
   <subfield code="a">Education, Ancient</subfield>
  </datafield>
  <datafield tag="689" ind1="0" ind2="0">
   <subfield code="d">g</subfield>
   <subfield code="0">(DE-588)4076778-4</subfield>
   <subfield code="0">(DE-627)106082094</subfield>
   <subfield code="0">(DE-576)209202882</subfield>
   <subfield code="a">Römisches Reich</subfield>
   <subfield code="2">gnd</subfield>
  </datafield>
  <datafield tag="689" ind1="0" ind2="1">
   <subfield code="d">s</subfield>
   <subfield code="0">(DE-588)4006681-2</subfield>
   <subfield code="0">(DE-627)10637673X</subfield>
   <subfield code="0">(DE-576)208866574</subfield>
   <subfield code="a">Bildungswesen</subfield>
   <subfield code="2">gnd</subfield>
  </datafield>
  <datafield tag="689" ind1="0" ind2="2">
   <subfield code="d">s</subfield>
   <subfield code="0">(DE-588)4015482-8</subfield>
   <subfield code="0">(DE-627)106336592</subfield>
   <subfield code="0">(DE-576)208911901</subfield>
   <subfield code="a">Erziehung</subfield>
   <subfield code="2">gnd</subfield>
  </datafield>
  <datafield tag="689" ind1="0" ind2="3">
   <subfield code="a">z</subfield>
   <subfield code="2">gnd</subfield>
   <subfield code="a">Geschichte 500 v. Chr.-200</subfield>
  </datafield>
  <datafield tag="689" ind1="0" ind2=" ">
   <subfield code="5">(DE-627)</subfield>
  </datafield>
  <datafield tag="689" ind1="1" ind2="0">
   <subfield code="d">g</subfield>
   <subfield code="0">(DE-588)4076778-4</subfield>
   <subfield code="0">(DE-627)106082094</subfield>
   <subfield code="0">(DE-576)209202882</subfield>
   <subfield code="a">Römisches Reich</subfield>
   <subfield code="2">gnd</subfield>
  </datafield>
  <datafield tag="689" ind1="1" ind2="1">
   <subfield code="d">s</subfield>
   <subfield code="0">(DE-588)4015482-8</subfield>
   <subfield code="0">(DE-627)106336592</subfield>
   <subfield code="0">(DE-576)208911901</subfield>
   <subfield code="a">Erziehung</subfield>
   <subfield code="2">gnd</subfield>
  </datafield>
  <datafield tag="689" ind1="1" ind2="2">
   <subfield code="d">s</subfield>
   <subfield code="0">(DE-588)4044302-4</subfield>
   <subfield code="0">(DE-627)106206168</subfield>
   <subfield code="0">(DE-576)209060174</subfield>
   <subfield code="a">Pädagogik</subfield>
   <subfield code="2">gnd</subfield>
  </datafield>
  <datafield tag="689" ind1="1" ind2=" ">
   <subfield code="5">(DE-627)</subfield>
  </datafield>
  <datafield tag="787" ind1="0" ind2="8">
   <subfield code="i">Rezensiert in</subfield>
   <subfield code="a">Blonski, Michel, 1979 - </subfield>
   <subfield code="t">[Rezension von: Catherine Wolff, L'éducation dans le monde romain du début de la République à la mort de Commode]</subfield>
   <subfield code="d">2016</subfield>
   <subfield code="w">(DE-627)1819637727</subfield>
  </datafield>
  <datafield tag="830" ind1=" " ind2="0">
   <subfield code="a">Antiquité, synthèses</subfield>
   <subfield code="v">16</subfield>
   <subfield code="9">16</subfield>
   <subfield code="w">(DE-627)55757661X</subfield>
   <subfield code="w">(DE-576)027779475</subfield>
   <subfield code="w">(DE-600)2405386-7</subfield>
   <subfield code="x">1158-4173</subfield>
  </datafield>
  <datafield tag="889" ind1=" " ind2=" ">
   <subfield code="w">(DE-576)444825827</subfield>
  </datafield>
  <datafield tag="889" ind1=" " ind2=" ">
   <subfield code="w">(DE-627)1616258993</subfield>
  </datafield>
  <datafield tag="935" ind1=" " ind2=" ">
   <subfield code="i">mdedup</subfield>
  </datafield>
  <datafield tag="936" ind1="r" ind2="v">
   <subfield code="a">DD 2000</subfield>
   <subfield code="b">Antike</subfield>
   <subfield code="k">Geschichte der Pädagogik und des Bildungswesens</subfield>
   <subfield code="k">Antike</subfield>
   <subfield code="0">(DE-627)1270767399</subfield>
   <subfield code="0">(DE-625)rvk/19287:</subfield>
   <subfield code="0">(DE-576)200767399</subfield>
  </datafield>
  <datafield tag="936" ind1="r" ind2="v">
   <subfield code="a">NH 8575</subfield>
   <subfield code="b">Kulturgeschichte</subfield>
   <subfield code="k">Griechisch-römische Geschichte</subfield>
   <subfield code="k">Römische Geschichte</subfield>
   <subfield code="k">Teilbereiche der römischen Geschichte</subfield>
   <subfield code="k">Kulturgeschichte</subfield>
   <subfield code="0">(DE-627)1271456885</subfield>
   <subfield code="0">(DE-625)rvk/125816:</subfield>
   <subfield code="0">(DE-576)201456885</subfield>
  </datafield>
  <datafield tag="936" ind1="b" ind2="k">
   <subfield code="a">80.01</subfield>
   <subfield code="j">Geschichte der Pädagogik und Erziehung</subfield>
   <subfield code="0">(DE-627)106414429</subfield>
  </datafield>
  <datafield tag="936" ind1="b" ind2="k">
   <subfield code="a">15.28</subfield>
   <subfield code="j">Römisches Reich</subfield>
   <subfield code="0">(DE-627)106405128</subfield>
  </datafield>
  <datafield tag="951" ind1=" " ind2=" ">
   <subfield code="a">BO</subfield>
  </datafield>
  <datafield tag="990" ind1=" " ind2=" ">
   <subfield code="a">Römisches Reich</subfield>
  </datafield>
  <datafield tag="990" ind1=" " ind2=" ">
   <subfield code="a">Bildungswesen</subfield>
  </datafield>
  <datafield tag="990" ind1=" " ind2=" ">
   <subfield code="a">Erziehung</subfield>
  </datafield>
  <datafield tag="990" ind1=" " ind2=" ">
   <subfield code="a">Geschichte 500 v. Chr.-200</subfield>
  </datafield>
  <datafield tag="990" ind1=" " ind2=" ">
   <subfield code="a">Römisches Reich</subfield>
  </datafield>
  <datafield tag="990" ind1=" " ind2=" ">
   <subfield code="a">Erziehung</subfield>
  </datafield>
  <datafield tag="990" ind1=" " ind2=" ">
   <subfield code="a">Pädagogik</subfield>
  </datafield>
  <datafield tag="991" ind1=" " ind2=" ">
   <subfield code="a">Rezensiertes Werk</subfield>
  </datafield>
  <datafield tag="999" ind1=" " ind2=" ">
   <subfield code="a">KXP-PPN834498383</subfield>
   <subfield code="e">420066089X</subfield>
  </datafield>
 </record>
</collection>
